Ochrana dát a informačná bezpečnosť v prostredí elektronického podnikania diplomová práca

Saved in:
Bibliographic Details
Main Author: Porubský, Tomáš
Corporate Author: Fakulta hospodárskej informatiky EU. Katedra aplikovanej informatiky
Other Authors: Szivósová, Mária, 1958-
Format: Book
Language:Slovak
Published: Bratislava 2018
Tags: Add Tag
No Tags, Be the first to tag this record!

MARC

LEADER 00000nbm a2200000 4500
001 0245210
005 20181016145344.7
041 0 |a slo 
044 |a SK 
245 1 0 |a Ochrana dát a informačná bezpečnosť v prostredí elektronického podnikania  |b diplomová práca  |c Tomáš Porubský ; školiteľ: Mária Szivósová 
264 1 |a Bratislava  |c 2018 
300 |a 63 s. 
100 1 |a Porubský, Tomáš 
700 1 |a Szivósová, Mária, 1958- 
710 2 |a Fakulta hospodárskej informatiky EU. Katedra aplikovanej informatiky